000 01167nam a22003491a 4500
001 12603923
005 20160705020003.0
008 011130s2002 mdu b 001 0 eng
010 _a2001057691
020 _a0810843870
020 _a0810843870
040 _aDLC
_cDLC
_dDLC
042 _apcc
050 0 0 _aLB1779
_b.M39 2002
082 0 0 _aLB 1779 .M39 2002
_221
100 1 _aMaxcy, Spencer J.
245 1 0 _aEthical school leadership /
_cSpencer J. Maxcy.
_h[Text]
260 _aLanham, Md.
_bScarecrow Press
_c2002
300 _aviii, 211 p. ; 24 cm.
500 _a"A ScarecrowEducation book."
504 _a"A ScarecrowEducation book."
650 0 _aMoral education.
650 0 _aTeachers
_xTraining of.
650 0 _aTeaching. - Discussion - Study
650 0 _aSchool supervision - Periodicals
906 _a7
_bcbc
_corignew
_d1
_eocip
_f20
_gy-gencatlg
925 0 _aacquire
_b2 shelf copies
_xpolicy default
955 _dsj10 2001-12-04;
_esj04 2001-12-04 to Dewey
955 _fpv10 2002-06-20 CIP ver to BCCD
942 0 0 _012
999 _c35204
_d35204